<?xml version="1.0" encoding="UTF-8"?>
<record
    xmlns:xsi="http://www.w3.org/2001/XMLSchema-instance"
    xsi:schemaLocation="http://www.loc.gov/MARC21/slim http://www.loc.gov/standards/marcxml/schema/MARC21slim.xsd"
    xmlns="http://www.loc.gov/MARC21/slim">

  <leader>01274cam a2200301 a 4500</leader>
  <controlfield tag="001">77987</controlfield>
  <controlfield tag="003">BD-RjUL</controlfield>
  <controlfield tag="005">20211209083056.0</controlfield>
  <controlfield tag="008">210226s20001380ir a     b    000 0cper  </controlfield>
  <datafield tag="020" ind1=" " ind2=" ">
    <subfield code="a">9649015361</subfield>
  </datafield>
  <datafield tag="035" ind1=" " ind2=" ">
    <subfield code="a">(BD-RjUL)78213</subfield>
  </datafield>
  <datafield tag="040" ind1=" " ind2=" ">
    <subfield code="a">DLC-R</subfield>
    <subfield code="c">DLC-R</subfield>
    <subfield code="d">DLC</subfield>
    <subfield code="b">eng</subfield>
  </datafield>
  <datafield tag="041" ind1=" " ind2=" ">
    <subfield code="a">per</subfield>
  </datafield>
  <datafield tag="042" ind1=" " ind2=" ">
    <subfield code="a">lcode</subfield>
  </datafield>
  <datafield tag="082" ind1=" " ind2=" ">
    <subfield code="2">23</subfield>
    <subfield code="a">915.50922</subfield>
    <subfield code="b">NIF 2000</subfield>
  </datafield>
  <datafield tag="100" ind1="1" ind2=" ">
    <subfield code="a">&#x646;&#x64A;&#x6A9; &#x628;&#x64A;&#x646;&#x60C; &#x646;&#x635;&#x631; &#x627;&#x644;&#x644;&#x647; ;; N&#x12B;k&#x2B9;b&#x12B;n, Na&#x1E63;r All&#x101;h.</subfield>
    <subfield code="9">245310</subfield>
  </datafield>
  <datafield tag="245" ind1="1" ind2="0">
    <subfield code="a">  &#x641;&#x631;&#x647;&#x646;&#x6AF; &#x62C;&#x627;&#x645;&#x639; &#x62E;&#x627;&#x648;&#x631;&#x634;&#x646;&#x627;&#x633;&#x627;&#x646; &#x645;&#x634;&#x647;&#x648;&#x631; &#x648; &#x645;&#x633;&#x627;&#x641;&#x631;&#x627;&#x646; &#x628;&#x647; &#x645;&#x634;&#x631;&#x642; &#x632;&#x645;&#x64A;&#x646;  ;; Farhang-i j&#x101;mi&#x2BB;-i kh&#x101;var&#x2B9;shin&#x101;s&#x101;n-i mashh&#x16B;r va mus&#x101;fir&#x101;n bih mashriq&#x2B9;zam&#x12B;n /</subfield>
    <subfield code="c">&#x646;&#x635;&#x631; &#x627;&#x644;&#x644;&#x647; &#x646;&#x64A;&#x6A9; &#x628;&#x64A;&#x646; ;; Na&#x1E63;r All&#x101;h N&#x12B;k&#x2B9;b&#x12B;n.</subfield>
  </datafield>
  <datafield tag="250" ind1=" " ind2=" ">
    <subfield code="a">Ch&#x101;p-i 2.</subfield>
  </datafield>
  <datafield tag="260" ind1=" " ind2=" ">
    <subfield code="a">[Tehran] :</subfield>
    <subfield code="b">&#x622;&#x631;&#x648;&#x646;&#x60C; &#x628;&#x627; &#x647;&#x645;&#x6A9;&#x627;&#x631;&#x649; &#x634;&#x631;&#x6A9;&#x62A; &#x633;&#x647;&#x627;&#x645;&#x649; &#x627;&#x646;&#x62A;&#x634;&#x627;&#x631;&#x60C; ;; &#x100;rvan, b&#x101; hamk&#x101;r&#x12B;-i Shirkat-i Sih&#x101;m&#x12B;-i Intish&#x101;r,</subfield>
    <subfield code="c">1380 [2001 or 2002]</subfield>
  </datafield>
  <datafield tag="300" ind1=" " ind2=" ">
    <subfield code="a">2 v. (1300 p.) :</subfield>
    <subfield code="b">ill. ;</subfield>
    <subfield code="c">25 cm.</subfield>
  </datafield>
  <datafield tag="504" ind1=" " ind2=" ">
    <subfield code="a">Includes bibliographical references.</subfield>
  </datafield>
  <datafield tag="505" ind1=" " ind2=" ">
    <subfield code="a">Vol.1.--v.2.</subfield>
  </datafield>
  <datafield tag="650" ind1=" " ind2="0">
    <subfield code="a">Travelers</subfield>
    <subfield code="z">Iran</subfield>
    <subfield code="v">Biography.</subfield>
    <subfield code="9">245311</subfield>
  </datafield>
  <datafield tag="650" ind1=" " ind2="0">
    <subfield code="a">Middle East specialists</subfield>
    <subfield code="v">Biography.</subfield>
    <subfield code="9">245312</subfield>
  </datafield>
  <datafield tag="650" ind1=" " ind2="0">
    <subfield code="a">Iranologists</subfield>
    <subfield code="z">Iran</subfield>
    <subfield code="v">Biography.</subfield>
    <subfield code="9">245313</subfield>
  </datafield>
  <datafield tag="650" ind1=" " ind2="0">
    <subfield code="a">Orientalists </subfield>
    <subfield code="v">Biography.</subfield>
    <subfield code="9">245314</subfield>
  </datafield>
  <datafield tag="942" ind1=" " ind2=" ">
    <subfield code="2">ddc</subfield>
    <subfield code="c">BK</subfield>
  </datafield>
  <datafield tag="999" ind1=" " ind2=" ">
    <subfield code="c">77987</subfield>
    <subfield code="d">77987</subfield>
  </datafield>
  <datafield tag="952" ind1=" " ind2=" ">
    <subfield code="0">0</subfield>
    <subfield code="1">0</subfield>
    <subfield code="2">ddc</subfield>
    <subfield code="4">0</subfield>
    <subfield code="7">1</subfield>
    <subfield code="8">NFIC</subfield>
    <subfield code="a">RUCL</subfield>
    <subfield code="b">RUCL</subfield>
    <subfield code="c">Reading</subfield>
    <subfield code="d">2007-08-07</subfield>
    <subfield code="e">Iran Embassy , Dhaka</subfield>
    <subfield code="l">0</subfield>
    <subfield code="o">F 915.50922 NIF V-1 2000</subfield>
    <subfield code="r">2021-02-25 00:00:00</subfield>
    <subfield code="t">C-1</subfield>
    <subfield code="w">2021-12-09</subfield>
    <subfield code="y">BK</subfield>
  </datafield>
  <datafield tag="952" ind1=" " ind2=" ">
    <subfield code="0">0</subfield>
    <subfield code="1">0</subfield>
    <subfield code="2">ddc</subfield>
    <subfield code="4">0</subfield>
    <subfield code="7">1</subfield>
    <subfield code="8">NFIC</subfield>
    <subfield code="a">RUCL</subfield>
    <subfield code="b">RUCL</subfield>
    <subfield code="c">Reading</subfield>
    <subfield code="d">2007-08-07</subfield>
    <subfield code="e">Iran Embassy , Dhaka</subfield>
    <subfield code="l">0</subfield>
    <subfield code="o">F 915.50922 NIF V-2 2000</subfield>
    <subfield code="r">2021-02-25 00:00:00</subfield>
    <subfield code="t">C-1</subfield>
    <subfield code="w">2021-12-09</subfield>
    <subfield code="y">BK</subfield>
  </datafield>
</record>
